000 00452nam a2200133Ia 4500
008 100328s9999 xx 000 0 und d
082 _b57199
100 _aखरे नंदा
245 _aजीवोत्वत्ती आणि नंतर
260 _bग्रंथाली
630 _aजीवोत्वत्ती आणि नंतर
730 _aजीवोत्वत्ती आणि नंतर
942 _cBOOK
999 _c543670
_d543667